Nazwij samochód z PRL-u po wnętrzu - Statystyki

Ogólne statystyki
  • Ten quiz został rozwiązany 89 razy
  • Średni wynik to 9 z 14
Statystyki odpowiedzi
Obrazkowy Odpowiedź % Poprawnych
Nysa
95%
Fiat 126p|Maluch
83%
Autosan
78%
Fiat 125p|Duży Fiat
71%
Żuk
70%
FSO Polonez
67%
FSO Warszawa
67%
FSO Syrena
60%
Star
49%
FSC Lublin
46%
Jelcz
46%
Tarpan
46%
Żubr
41%
Mikrus
37%
Nie znaleziono quizów pasujących do podanych kryteriów
Rozkład punktacji
Procent ludzi z każdym wynikiem
Percentyl według liczby udzielonych odpowiedzi
Twoja historia wyników
Nie rozwiązałeś tego quizu